ՀՀ Գիտությունների ազգային ակադեմիայի հիմնարար գիտական գրադարան  =   Fundamental Scientific Library of NAS RA
Normal view MARC view

Entry Personal Name

Number of records used in: 5

001 - CONTROL NUMBER

  • control field: 2705

003 - CONTROL NUMBER IDENTIFIER

  • control field: AM-YEHGA

005 - DATE AND TIME OF LATEST TRANSACTION

  • control field: 20250617070438.0

008 - FIXED-LENGTH DATA ELEMENTS

  • fixed length control field: 060307 a|ac|n|aab||||||||||||a |n|||||||

040 ## - CATALOGING SOURCE

  • Original cataloging agency: AM-YEHGA

100 1# - HEADING--PERSONAL NAME

  • Personal name: Մելքոնյան, Մելիքսեթ Գևորգի,
  • Dates associated with a name: 1932-1994

400 1# - SEE FROM TRACING--PERSONAL NAME

  • Personal name: Մելքոնյան, Մելիքսեթ,
  • Dates associated with a name: 1932-1994

400 1# - SEE FROM TRACING--PERSONAL NAME

  • Personal name: Մելքոնյան, Մ.Գ.
  • Fuller form of name: (Մելիքսեթ Գևորգի),
  • Dates associated with a name: 1932-1994

400 1# - SEE FROM TRACING--PERSONAL NAME

  • Personal name: Մելքոնյան, Մ.
  • Fuller form of name: (Մելիքսեթ),
  • Dates associated with a name: 1932-1994

400 1# - SEE FROM TRACING--PERSONAL NAME

  • Personal name: Мелконян, Меликсет Геворкович,
  • Dates associated with a name: 1932-1994

400 1# - SEE FROM TRACING--PERSONAL NAME

  • Personal name: Мелконян, Меликсет,
  • Dates associated with a name: 1932-1994

400 1# - SEE FROM TRACING--PERSONAL NAME

  • Personal name: Мелконян, М.
  • Fuller form of name: (Меликсет),
  • Dates associated with a name: 1932-1994

400 1# - SEE FROM TRACING--PERSONAL NAME

  • Personal name: Melkonyan, Melikset,
  • Dates associated with a name: 1932-1994

670 ## - SOURCE DATA FOUND

  • Source citation: Խաչատրյան Հ.Հ. Գրական տեղեկատու, 1986 :
  • Information found: (Մելքոնյան Մելիքսեթ Գևորգի (16.12.1932, Լենինական), գրականագետ, քննադատ, հրապարակախոս, բանաս. գիտ. թեկ., ՍՍՀՄ գրող. միութ. անդամ 1975-ից); bIն.տ. (Նրա որոշ ուսումնասիր-ներ թարգմ. անգլ., ֆրանս., իսպան., հունգար. և այլ լ-ներով)

670 ## - SOURCE DATA FOUND

  • Source citation: Հռետոր դառնում են…, 1977 :
  • Information found: տիտղթ. (Մ.Գ. Մելքոնյան)

670 ## - SOURCE DATA FOUND

  • Source citation: Մկրտիչ Արմեն : Կյանքն ու ստեղծագործությունը, 1981 :
  • Information found: տիտղթ. (Մ. Մելքոնյան)

670 ## - SOURCE DATA FOUND

  • Source citation: История новой армянской литературы, 1982 :
  • Information found: т.л. (Авт. предисл. и сост. М. Мелконян); конц. (Мелконян Меликсет)


ՀՀ ԳԱԱ հիմնարար գիտական գրադարան
ՀՀ,Երևան 0019
Մարշալ Բաղրամյան 24/6
հեռախոս:(374-10) 52-47-50
Հետադարձ կապ

All site content, except where otherwise noted, is licensed under a
Creative Commons License